1370 1610 1022 1534 1926 1494 1210 1422 1999 1828 1674 1119 1145 1551 1517 1050 1011 1096 1949 1500 1722 1399 1787 1094 1781 1292 1963 1203 1434 1292 1605 1838 1003 1650 1564 1826 1143 1217 1046 1716 1234 1281 1419 1305 1238 1803 1941 1460 1574 1896 1259 1424 1947 1333 1954 1820 1055 1384 1586 1327 1286 1668 1771 1171 1236 1484 1789 1898 1550 1728 1279 1691 1649 1810 1765 1059 1267 1278 1854 1384 1516 1586 1776 1039 1715 1829 1315 1328 1595 1199 1274 1410 1985 1580 1136 1930 1832 1956 1000 BCNSPRNW ULIB Ver.6.0+V

เปลี่ยนเป็นภาษาไทย

Change to English
 แสดงรายละเอียดบรรณานุกรม
  กลับหน้าหลัก

Brief Record : Get Marc (ISO 2709) : E-mail record : QR code < ปิดหน้าต่าง
สารบัญ Review โดย
ทศพร เกษรทอง
ห้องสมุดวิทยาเขตนครสวรรค์
ทศพร เกษรทอง เมื่อ8/ตุลาคม/2557
1. Why do we need palliative care? /
    Palliative care นั้นสำคัญไฉน?
2. Palliative Care ในประเทศไทย
3. How to start Palliative care in your setting :
   จะเริ่มต้นอย่างไรให้เป็นจริง ภาค 1
4. How to start Palliative care in your setting :
   จะเริ่มต้นอย่างไรให้เป็นจริง ภาค 2
5.  How to start Palliative care in your setting :
   จะเริ่มต้นอย่างไรให้เป็นจริง ภาค 3
6. A model of Palliative Care education and 
    service in Family Medicine
7. ความจำเป็นของผู้ปฏิบัติการพยาบาลขั้นสูงใน Palliative Care
8. สู่เส้นทางบทบาทผู้ปฏิบัติการพยาบาลขั้นสูงกับการดูแล
    ผู้สูงอายุและผู้ป่วยระยะสุดท้ายแบบประคับประคอง
    ในโรงพยาบาลและในชุมชน
9. APN กับ Palliative Care
10. ผู้ปฏิบัติการพยาบาลขั้นสูงกับการดูแลแบบประคับประคอง
11. Palliative Care of Chronic Kidney Disease
12. การสร้างเสริมคุณภาพชีวิตผู้ป่วยโรคหลอดเลือดหัวใจ
      และหัวใจล้มเหลว
13. การดูแลรักษาแบบประคับประคองและการดูแลผู้ป่วย
      ระยะสุดท้ายที่ห้องฉุกเฉิน
14. การให้บริการศูนย์ดูแลผู้ป่วยระยะประคับประคอง
15. ICU Palliative Care
16. การพัฒนา End-of-life Care in ICU
17. การดูแลผู้ป่วยระยะสุดท้ายกับการพัฒนาคุณภาพ
18. การรักษาพยาบาลผู้ป่วยวาระสุดท้าย ความจริง
      ทางการแพทย์กับขอบเขตทางกฎหมาย
19. Living Will : มุมมองของแพทย์เวชศาสตร์ผู้สูงอายุ
20. Pediatric Palliative Home Care
21. การดูแลแบบประคับประคองที่บ้าน
22. เตรียมใจในยามป่วยหนัก
23. การช่วยเหลือเชิงอภิบาลผู้ป่วยในระยะสุดท้ายใกล้วายชนม์
24. การดูแลในวาระสุดท้ายของชีวิต
25. คุณธรรมสำหรับแพทย์ - พยาบาล
      ในการดูแลช่วยเหลือผู้ป่วยเรื้อรังจนถึงระยะสุดท้าย
26. ปัญหาและอุปสรรคในการเข้าถึงยาแก้ปวดกลุ่ม Opioids
27. ปัญหาและอุปสรรคในการเข้าถึงยาแก้ปวดกลุ่ม Opioids
28. ปัญหาและอุปสรรคในการเข้าถึงยาแก้ปวดกลุ่ม Opioids
      ในโรงพยาบาลเสลภูมิ
29. เสียงสะท้อนจากผู้ป่วย
30. เสียงสะท้อนจากผู้ป่วย และญาติ : พลังแห่งความรัก

LEADER : 00000nam 2200000uu 4500
001    13399123549
003     ULIB
008    141008s2554||||th 000 0 tha d
020    ^a9789741114337
060  4 ^aWB310^bก479
111 2  ^aการประชุมระดับชาติการดูแลผู้ป่วยระยะสุดท้ายเรื่องความเชื่อมโยงของการศึกษาไปสู่การปฏิบัติ^d(2554 :^cคณะแพทยศาสตร์โรงพยาบาลรามาธิบดี มหาวิทยาลัยมหิดล)
245 10 ^aการประชุมระดับชาติการดูแลผู้ป่วยระยะสุดท้ายเรื่องความเชื่อมโยงของการศึกษาไปสู่การปฏิบัติ =^bNational forum of palliative care :^bThe harmony of education to service /^cยุวเรศมคฐ์ สิทธิชาญบัญชา, อุมาภรณ์ ไพศาลสุทธิเดช, ศากุน ปวีนวัฒน์, บรรณาธิการ
246 30 ^aความเชื่อมโยงของการศึกษาไปสู่การปฏิบัต
246 31 ^aNational forum of palliative care :^bThe harmony ofeducation to service
250    ^aพิมพ์ครั้งที่ 1
260    ^aกรุงเทพฯ :^bภาควิชาเวชศาสตร์ฉุกเฉินคณะแพทยศาสตร์โรงพยาบาลรามาธิบดี มหาวิทยาลัยมหิดล,^c2554
300    ^aข-ฒ, 324 หน้า :^bภาพประกอบ
500    ^aการประชุมจัดระหว่างวันที่ 21-23 กุมภาพันธ์ 2554 ณห้องประชุมอรรถสิทธิ์ คณะแพทยศาสตร์โรงพยาบาลรามาธิบดี
505 0  ^aความจำเป็นของผู้ปฏิบัติการพยาบาลขั้นสูงใน Palliative care - - สู่เส้นทางบทบาทผู้ปฏิบัติการพยาบาลขั้นสูงกับการดูแลผู้สูงอายุและผู้ป่วยระยะสุดท้ายแบบประคับประคองในโรงพยาบาลและในชุมชน - - ผู้ปฏิบัติการพยาบาลขั้นสูงกับการดูแลแบบประคับประคอง - - การดูแลแบบประคับประคองและการดูแลผู้ป่วยระยะสุดท้ายที่ห้องฉุกเฉิน - - ICU palliative care - - การดูแลแบบประคับประคองที่บ้าน - - เตรียมใจในยามป่วยหนัก - - การช่วยเหลือเชิงอภิบาลผู้ป่วยในระยะสุดท้ายใกล้วายชนม์ - - การดูแลในวาระสุดท้ายของชีวิต - - คุณธรรมสำหรับแพทย์-พยาบาล
650  7 ^aการดูแลขั้นวิกฤต^vการประชุม
650  7 ^aผู้ป่วยใกล้ตาย^vการประชุม
650  7 ^aผู้ป่วยหนัก^vการประชุม
650  7 ^aผู้ป้วยหนัก, การดูแล^vการประชุม
700 0  ^aยุวเรศมคฐ์ สิทธิชาญบัญชา,^eบรรณาธิการ
700 0  ^aอุมาภรณ์ ไพศาลสุทธิเดช,^eบรรณาธิการ
700 0  ^aศากุน ปวีนวัฒน์,^eบรรณาธิการ
710 2  ^aมหาวิทยาลัยมหิดล.^bคณะแพทยศาสตร์โรงพยาบาลรามาธิบดี.^bภาควิชาเวชศาสตร์ฉุกเฉิน
945    ^p350^l0^i21102
945    ^p350^l0^i21103
999    ^aทศพร เกษรทอง
รายการนี้ยังไม่มีแท็ก
คุณยังไม่ได้ล็อกอิน คุณสามารถมีกิจกรรมร่วมกับเว็บไซต์ได้ แต่ต้องล็อกอินก่อน ::
  ล็อกอิน

รายการสื่อสารสนเทศ

ลำดับที่ ประเภท เลขเรียก/บาร์โค้ด สถานที่ สถานะ
1. วิทยาศาสตร์การแพทย์ และสุขภาพ
วิทยาศาสตร์การแพทย์ และสุขภาพ
สถานะ=หนังสือเก่า
WB310 ก479 ฉ.1 
  Barcode: 21102
ห้องสมุดวิทยาเขตนครสวรรค์
►ส่วนจัดเก็บหนังสือเก่า นว.
บนชั้น
  ขอยืม
2. วิทยาศาสตร์การแพทย์ และสุขภาพ
วิทยาศาสตร์การแพทย์ และสุขภาพ
สถานะ=หนังสือเก่า
WB310 ก479 ฉ.2 
  Barcode: 21103
ห้องสมุดวิทยาเขตนครสวรรค์
►ส่วนจัดเก็บหนังสือเก่า นว.
บนชั้น
  ขอยืม

BibComment


ยังไม่เคยถูกคอมเมนท์

คอมเมนท์ทรัพยากรรายการนี้
  คอมเมนท์: การประชุมระดับชา..


 Copyright 2026. Bcnsprnw @Library